| Tag |
First Indicator |
Second Indicator |
Subfields |
| LEADER |
00000cam a2200000 a 4500 |
| 001 |
in00000049033 |
| 005 |
20151007075827.0 |
| 008 |
800207s1980 dcua b f10000 engm |
| 010 |
|
|
|a 80607031
|
| 020 |
|
|
|a 0874746604
|
| 020 |
|
|
|a 0874746612 (pbk.)
|
| 035 |
|
|
|a (OCoLC)06043432
|
| 035 |
|
|
|9 AAF3871AM
|
| 040 |
|
|
|a DLC
|c DLC
|d m.c.
|d OCL
|d TXA
|d UtOrBLW
|
| 043 |
|
|
|a cl-----
|
| 049 |
|
|
|a TXAM
|c [1362413]
|a TXAS [knam]
|
| 050 |
0 |
0 |
|a QL687 A1
|b M53
|
| 082 |
0 |
|
|a 598.298
|
| 245 |
0 |
0 |
|a Migrant birds in the neotropics :
|b ecology, behavior, distribution, and conservation : a symposium held at the Conservation and Research Center, National Zoological Park, Smithsonian Institution, October 27- 29, 1977 /
|c edited by Allen Keast and Eugene S. Morton.
|
| 264 |
|
1 |
|a Washington, D.C. :
|b Smithsonian Institution Press,
|c 1980.
|
| 300 |
|
|
|a 576 pages :
|b illustrations ;
|c 28 cm.
|
| 336 |
|
|
|a text
|b txt
|2 rdacontent
|
| 337 |
|
|
|a unmediated
|b n
|2 rdamedia
|
| 338 |
|
|
|a volume
|b nc
|2 rdacarrier
|
| 490 |
1 |
|
|a The Symposia of the National Zoological Park
|
| 504 |
|
|
|a Includes bibliographies.
|
| 650 |
|
0 |
|a Birds
|z Latin America
|x Congresses.
|
| 650 |
|
0 |
|a Birds
|x Migration
|z Latin America
|x Congresses.
|
| 650 |
|
0 |
|a Birds
|x Conservation
|z Latin America
|x Congresses.
|
| 700 |
1 |
|
|a Keast, Allen.
|
| 700 |
1 |
|
|a Morton, Eugene S.
|
| 830 |
|
0 |
|a Symposia of the National Zoological Park.
|
| 999 |
|
|
|a MARS
|
| 999 |
f |
f |
|s 1d7733c5-f471-3e0c-9544-ede2604f45b7
|i 77f08a72-5afa-320e-ac93-7039e4d1d426
|t 0
|
| 952 |
f |
f |
|p noncirc
|a Texas A&M University
|b College Station
|c Cushing Memorial Library & Archives
|d Cushing: Kincaid/North America (Remote Storage: 2-3 day retrieval)
|t 0
|e QL687.A1 M53 1980
|h Library of Congress classification
|i unmediated -- volume
|
| 952 |
f |
f |
|p normal
|a Texas A&M University
|b College Station
|c Sterling C. Evans Library
|d Evans: Library Stacks
|t 0
|e QL687.A1 M53
|h Library of Congress classification
|i unmediated -- volume
|m A14805942783
|
| 998 |
f |
f |
|a QL687.A1 M53 1980
|t 0
|l Cushing: Kincaid/North America (Remote Storage: 2-3 day retrieval)
|
| 998 |
f |
f |
|a QL687.A1 M53
|t 0
|l Evans: Library Stacks
|